| 000 | 00602nam a2200217 4500 | ||
|---|---|---|---|
| 003 | OSt | ||
| 005 | 20240708025407.0 | ||
| 006 | a | ||
| 008 | 240708b |||||||| |||| 00| 0 eng d | ||
| 020 | _a0723433283 | ||
| 040 |
_aDWCL-HMN lib. _cOC |
||
| 082 |
_2Fifth edition _aCirc. 616.0756 M369c 2004 |
||
| 100 | _aMashall, William J. | ||
| 245 | _aClinical chemistry / | ||
| 250 | _aFifth edition | ||
| 260 |
_aEdinburgh : _bMosby, _cc2004. |
||
| 300 |
_b422 p. : ill. ; _c24 cm. |
||
| 504 | _aIncludes index. | ||
| 650 | _a1. Clinical chemistry. | ||
| 942 |
_2ddc _n0 _cBK-CIRC _eFifth edition _kCirc. |
||
| 999 |
_c2084 _d2084 |
||